000 01183nam a22003137a 4500
003 CHAP
005 20220329134414.0
008 971013s1992 r 00010 d
010 _a20037
011 _a21009
035 _a25098
040 _cCHAP
090 _aFolleto 14393
100 0 0 _aCerrud P., Osvaldo
_ecomp.
_921542
245 _aCebolla y pimentón
260 _aPanamá :
_bInstituto de Investigación Agropecuaria,
_c1992
300 _a63 p.
490 _aInstituto de Investigación Agropecuaria de Panamá. Centro de Información y Documentación Agropecuria. Bibliografías especiales
_v; 8
590 _aBATCH-UPD
_b10
_c20130110
_lUCH01
_h2148
590 _aBATCH-UPD
_b10
_c20130410
_lUCH01
_h1456
590 _aBATCH-UPD
_b10
_c20130914
_lUCH01
_h0905
590 _aCONVERSION
_b10
_c20130109
_lUCH01
_h1312
650 1 4 _aCebolla
_xBibliografía.
_920754
650 1 4 _aChile pimiento
_xBibliografía.
_922474
830 0 _aInstituto de Investigación Agropecuaria de Panamá. Centro de Información y Documentación Agropecuria. Bibliografías especiales
_v; 8
_959153
901 _aBK
942 _cFOLL
949 _aFolleto 14393
_bBC
_cFOLL
_d-57811
_eTS1
_i25098
_si
999 _c20037
_d20037